(NEW) Player Chain #1 - Statistics

General Stats
  • This quiz has been taken 180 times
  • The average score is 6 of 20
Answer Stats
Region Top 3 Agents Answer % Correct
EMEA B{oaster}
100%
EMEA Boo
48%
EMEA Alfajer
47%
Pacific Rb
43%
Americas Okeanos
41%
Americas N4RRATE
40%
EMEA RieNs
35%
Pacific Estrella
31%
Pacific UdoTan
29%
Pacific SSeeS
27%
EMEA SUYGETSU
27%
Pacific Karon
21%
EMEA PROFEK
19%
Americas Ethan
18%
CN Shr1mp
16%
Americas C0M
14%
Americas NaturE
12%
CN Nicc
10%
EMEA MAGNUM
9%
EMEA MOLSI
8%
No matching quizzes found
Score Distribution
Percent of People with Each Score
Percentile by Number Answered
Your Score History
You have not taken this quiz